000
00245 a2200097 4500
001
51855
100
_a
Bruell S C
245
_a
Computational Algorithms for Closed Queveing Networks
260
_a
New York
_b
Horth Land
_c
090
_c
32748
_d
32748
942
_a
NUST-CAE
_c
M
_c
25278
999
_c
286928
_d
286928